[Event "15. Obert Int. Sant Martí 2013 - B"]
[Site "Barcelona ESP"]
[Date "2013.07.19"]
[Round "7.18"]
[White "Argemi Camp, Jaume"]
[Black "Casset Bello, Elena"]
[Result "0-1"]
[WhiteElo "1639"]
[BlackElo "1908"]
[PlyCount "152"]
[EventDate "2013.07.13"]
[EventType "swiss"]
[EventRounds "9"]
[EventCountry "ESP"]
[SourceTitle "Ajedrez en Madrid"]
[Source "lmi"]
[SourceDate "2013.07.13"]
[SourceVersion "1"]
[SourceVersionDate "2019.06.21"]
[SourceQuality "1"]

1. e4 e5 2. g3 d5 3. Bg2 dxe4 4. Bxe4 Nf6 5. Bg2 Nc6 6. d3 Bg4 7. Qd2 Bc5 8.
Nc3 O-O 9. Nf3 Nd4 10. Nxd4 exd4 11. Ne4 Nxe4 12. dxe4 Qd7 13. O-O Bh3 14. Qg5
Bxg2 15. Kxg2 Qc6 16. Kg1 Bb6 17. Qg4 Rae8 18. e5 Rxe5 19. a4 Qxc2 20. Bf4 Qf5
21. Qxf5 Rxf5 22. b4 a5 23. b5 d3 24. Ra3 Rd8 25. Bd2 Re5 26. Kg2 Re2 27. Ra2
Bc5 28. Kf3 Rd5 29. Re1 Rxf2+ 30. Kg4 h5+ 31. Kh3 g5 32. g4 hxg4+ 33. Kxg4 Rxh2
34. Re8+ Bf8 35. Kf3 Rh3+ 36. Kg4 Rh4+ 37. Kg3 Rh1 38. Kg2 Rh6 39. Bxa5 Re6 40.
Rc8 Re2+ 41. Rxe2 dxe2 42. Kf2 Re5 43. Bb4 e1=Q+ 44. Bxe1 Rf5+ 45. Kg3 c5 46.
a5 Rf4 47. a6 bxa6 48. b6 Kg7 49. Bc3+ f6 50. Bd2 Rd4 51. Ba5 Bd6+ 52. Kf3 Rf4+
53. Ke3 Ra4 54. Bd2 Bf4+ 55. Ke2 Bxd2 56. Rc7+ Kg6 57. Kxd2 Rb4 58. b7 g4 59.
Ke2 f5 60. Kf2 Kg5 61. Kg3 Rb3+ 62. Kf2 Kf4 63. Kg2 Rb2+ 64. Kf1 g3 65. Rxc5
Rxb7 66. Rc4+ Kg5 67. Rc3 f4 68. Rc5+ Kg4 69. Ra5 Kf3 70. Ra3+ Kg4 71. Ra2 Rb1+
72. Ke2 f3+ 73. Ke3 Re1+ 74. Kd3 f2 75. Rxf2 gxf2 76. Kc3 f1=Q 0-1

[Event "15. Obert Int. Sant Martí 2013 - B"]
[Site "Barcelona ESP"]
[Date "2013.07.19"]
[Round "7.19"]
[White "Torres Maiquez, Sergio"]
[Black "Martinez Hernandez, Emili"]
[Result "1-0"]
[WhiteElo "1908"]
[BlackElo "1756"]
[PlyCount "51"]
[EventDate "2013.07.13"]
[EventType "swiss"]
[EventRounds "9"]
[EventCountry "ESP"]
[SourceTitle "Ajedrez en Madrid"]
[Source "lmi"]
[SourceDate "2013.07.13"]
[SourceVersion "1"]
[SourceVersionDate "2019.06.21"]
[SourceQuality "1"]

1. e4 e6 2. Nf3 c5 3. d4 cxd4 4. Nxd4 Nf6 5. Nc3 Bb4 6. Qf3 Qa5 7. Bd2 Qe5 8.
Ndb5 Na6 9. O-O-O Bxc3 10. Bxc3 Qg5+ 11. Kb1 O-O 12. g4 Qxg4 13. Qxg4 Nxg4 14.
Rg1 f5 15. exf5 exf5 16. h3 Nf6 17. Rd6 Ne8 18. Bc4+ Kh8 19. Rxa6 bxa6 20. Nc7
Bb7 21. Nxe8 d5 22. Rxg7 Rd8 23. Rd7+ Kg8 24. Rxd8 dxc4 25. Nf6+ Kf7 26. Rd7+
1-0

[Event "15. Obert Int. Sant Martí 2013 - B"]
[Site "Barcelona ESP"]
[Date "2013.07.19"]
[Round "7.20"]
[White "Julia Yebra, David"]
[Black "Romero Gamez, Francisco Javier"]
[Result "1-0"]
[WhiteElo "1873"]
[BlackElo "1683"]
[PlyCount "131"]
[EventDate "2013.07.13"]
[EventType "swiss"]
[EventRounds "9"]
[EventCountry "ESP"]
[SourceTitle "Ajedrez en Madrid"]
[Source "lmi"]
[SourceDate "2013.07.13"]
[SourceVersion "1"]
[SourceVersionDate "2019.06.21"]
[SourceQuality "1"]

1. c4 Nf6 2. Nc3 g6 3. g3 Bg7 4. Bg2 O-O 5. d4 d6 6. Nf3 Nbd7 7. O-O Nb6 8. b3
c5 9. e4 Bg4 10. Be3 Nfd7 11. Qd2 Bxf3 12. Bxf3 Rb8 13. Rad1 cxd4 14. Bxd4 Ne5
15. Bg2 Nbd7 16. f4 Nc6 17. Bxg7 Kxg7 18. Nd5 Kg8 19. g4 Nb6 20. Ne3 Nd7 21.
Rf3 Nf6 22. Rh3 Qd7 23. Qe2 Qc8 24. Bf3 Nh5 25. Nd5 Qd7 26. Bg2 Ng7 27. c5 Rbd8
28. b4 b6 29. b5 Na5 30. c6 Qe6 31. Re3 f6 32. f5 Qf7 33. Rc1 Rc8 34. Qd3 g5
35. Nb4 Ne8 36. e5 Qg7 37. e6 Nc7 38. Rd1 h6 39. Qe2 Rfd8 40. Rc3 Kh7 41. h3
Kg8 42. Nc2 Kh7 43. Nd4 Ne8 44. Ra3 Rc7 45. Bd5 Ra8 46. Nb3 Nxb3 47. axb3 Qg8
48. Qa2 Ng7 49. Ra1 Qb8 50. Ra6 Kh8 51. Qf2 Ne8 52. Kg2 Kg7 53. Kf1 Kh7 54. Ke2
Kg7 55. Rh1 Kh7 56. Bf3 Ng7 57. h4 Qf8 58. Be4 Ne8 59. Bd3 Kg7 60. Qe3 Qh8 61.
Raa1 Rac8 62. Qd4 Qf8 63. Rh3 Kg8 64. Rah1 Qg7 65. hxg5 hxg5 66. Qf2 1-0

[Event "15. Obert Int. Sant Martí 2013 - B"]
[Site "Barcelona ESP"]
[Date "2013.07.19"]
[Round "7.21"]
[White "Delgado Lozano, Ignacio Maria"]
[Black "Pascual Gonzalez-Novelles, Carles"]
[Result "1-0"]
[WhiteElo "1765"]
[BlackElo "1873"]
[PlyCount "69"]
[EventDate "2013.07.13"]
[EventType "swiss"]
[EventRounds "9"]
[EventCountry "ESP"]
[SourceTitle "Ajedrez en Madrid"]
[Source "lmi"]
[SourceDate "2013.07.13"]
[SourceVersion "1"]
[SourceVersionDate "2019.06.21"]
[SourceQuality "1"]

1. Nf3 Nf6 2. g3 d5 3. d4 g6 4. Bg2 Bg7 5. O-O O-O 6. c4 c6 7. Nc3 dxc4 8. Ne5
Nbd7 9. Nxc4 Nb6 10. Ne5 Nbd5 11. e4 Nxc3 12. bxc3 Qa5 13. Qb3 c5 14. Ba3 cxd4
15. cxd4 Qd8 16. Rfd1 Nd7 17. Nc4 Rb8 18. e5 b5 19. Ne3 b4 20. Bb2 Bb7 21. Bxb7
Rxb7 22. Rac1 a5 23. Qd5 Qa8 24. e6 Nf6 25. Qc6 Rbb8 26. d5 fxe6 27. Qxe6+ Rf7
28. Be5 Re8 29. Rc7 Kf8 30. Rdc1 a4 31. d6 b3 32. axb3 axb3 33. Rc8 Qa3 34.
dxe7+ Rfxe7 35. Bd6 1-0

[Event "15. Obert Int. Sant Martí 2013 - B"]
[Site "Barcelona ESP"]
[Date "2013.07.19"]
[Round "7.22"]
[White "Ayza Casamitjana, Antoni"]
[Black "Cano Sevila, Ivan"]
[Result "1/2-1/2"]
[WhiteElo "1860"]
[BlackElo "1672"]
[PlyCount "85"]
[EventDate "2013.07.13"]
[EventType "swiss"]
[EventRounds "9"]
[EventCountry "ESP"]
[SourceTitle "Ajedrez en Madrid"]
[Source "lmi"]
[SourceDate "2013.07.13"]
[SourceVersion "1"]
[SourceVersionDate "2019.06.21"]
[SourceQuality "1"]

1. c4 c5 2. Nc3 g6 3. g3 Bg7 4. Bg2 Nc6 5. d3 d6 6. e3 Nf6 7. Nge2 O-O 8. O-O
Bd7 9. a3 a5 10. Nb5 Qc8 11. Nf4 Ne5 12. Nc3 e6 13. Rb1 Rb8 14. b4 axb4 15.
axb4 cxb4 16. Rxb4 d5 17. Qb3 dxc4 18. dxc4 Bc6 19. f3 Rd8 20. Nb5 Bxb5 21.
cxb5 b6 22. Bb2 Nfd7 23. Bd4 Bf8 24. Ra4 Nc5 25. Bxc5 Bxc5 26. Bh3 Rd6 27. Re4
Nd7 28. Nxe6 fxe6 29. Rxe6 Rxe6 30. Qxe6+ Kg7 31. Qxd7+ Qxd7 32. Bxd7 Bxe3+ 33.
Kg2 Bc5 34. h4 Rd8 35. Rd1 Kf8 36. Rd5 Ke7 37. Bc6 Rxd5 38. Bxd5 Kf6 39. f4 h6
40. Kf3 g5 41. Kg4 gxf4 42. Kxf4 Bd6+ 43. Kg4 1/2-1/2

[Event "15. Obert Int. Sant Martí 2013 - B"]
[Site "Barcelona ESP"]
[Date "2013.07.19"]
[Round "7.23"]
[White "Gisbert Mir, Alejandro"]
[Black "Velasco Rebezon, Daniela"]
[Result "1/2-1/2"]
[WhiteElo "1852"]
[BlackElo "1651"]
[PlyCount "87"]
[EventDate "2013.07.13"]
[EventType "swiss"]
[EventRounds "9"]
[EventCountry "ESP"]
[SourceTitle "Ajedrez en Madrid"]
[Source "lmi"]
[SourceDate "2013.07.13"]
[SourceVersion "1"]
[SourceVersionDate "2019.06.21"]
[SourceQuality "1"]

1. d4 Nf6 2. c4 g6 3. Nc3 d5 4. Nf3 Bg7 5. Qb3 c6 6. cxd5 cxd5 7. Bf4 O-O 8. e3
Nc6 9. Bd3 b6 10. O-O Bb7 11. h3 Rc8 12. Rac1 a6 13. Na4 b5 14. Nc5 Qb6 15. Ne5
Nxe5 16. Bxe5 Bc6 17. a4 Nd7 18. Bxg7 Kxg7 19. axb5 axb5 20. Nxd7 Bxd7 21. Qxd5
Be6 22. Qxb5 Qxb5 23. Bxb5 Rb8 24. Rc5 Rb7 25. d5 Bf5 26. g4 Be4 27. f3 Rfb8
28. fxe4 Rxb5 29. Rxb5 Rxb5 30. Rf2 Rb3 31. Re2 Kf6 32. Kf2 Ke5 33. Kf3 Rb4 34.
Rd2 Rxe4 35. d6 exd6 36. Rxd6 Rb4 37. Rd7 Ke6 38. Rd2 Ke5 39. Rc2 Rb3 40. g5
Rb5 41. h4 Rb4 42. Rh2 f6 43. gxf6 Kxf6 44. e4 1/2-1/2

[Event "15. Obert Int. Sant Martí 2013 - B"]
[Site "Barcelona ESP"]
[Date "2013.07.19"]
[Round "7.25"]
[White "Garrido Prats, Diego"]
[Black "Cartro Turu, Gabriel"]
[Result "0-1"]
[WhiteElo "1776"]
[BlackElo "1944"]
[PlyCount "40"]
[EventDate "2013.07.13"]
[EventType "swiss"]
[EventRounds "9"]
[EventCountry "ESP"]
[SourceTitle "Ajedrez en Madrid"]
[Source "lmi"]
[SourceDate "2013.07.13"]
[SourceVersion "1"]
[SourceVersionDate "2019.06.21"]
[SourceQuality "1"]

1. d4 d5 2. Nf3 Nf6 3. Bf4 e6 4. e3 c5 5. c3 Nc6 6. Bd3 cxd4 7. exd4 Bd6 8. Ne5
O-O 9. g4 Bxe5 10. dxe5 Nd7 11. Qe2 Qc7 12. Bb5 f6 13. Nd2 Ndxe5 14. Bg3 a6 15.
Ba4 Qb6 16. Bb3 Bd7 17. O-O Rac8 18. Kh1 Na5 19. f4 Bb5 20. Bf2 Qc6 0-1

[Event "15. Obert Int. Sant Martí 2013 - B"]
[Site "Barcelona ESP"]
[Date "2013.07.19"]
[Round "7.26"]
[White "Esteban Bruguera, German"]
[Black "Subirana Santos, Marc"]
[Result "1-0"]
[WhiteElo "1896"]
[BlackElo "1759"]
[PlyCount "97"]
[EventDate "2013.07.13"]
[EventType "swiss"]
[EventRounds "9"]
[EventCountry "ESP"]
[SourceTitle "Ajedrez en Madrid"]
[Source "lmi"]
[SourceDate "2013.07.13"]
[SourceVersion "1"]
[SourceVersionDate "2019.06.21"]
[SourceQuality "1"]

1. e4 e6 2. d4 d5 3. Nc3 dxe4 4. Nxe4 Bd7 5. Nf3 Bc6 6. Bd3 Nd7 7. Qe2 Ngf6 8.
Bg5 Be7 9. h4 Bxe4 10. Bxe4 Nxe4 11. Qxe4 c6 12. O-O-O Nf6 13. Bxf6 Bxf6 14.
Rh3 Qd5 15. Qxd5 cxd5 16. Ne5 Bxe5 17. dxe5 Rc8 18. Rd4 f5 19. Rb3 Rc7 20. Ra4
b6 21. Rba3 a5 22. Rb3 Rc6 23. Rxa5 O-O 24. Ra4 Rfc8 25. c3 Rb8 26. f4 Rc4 27.
Rxc4 dxc4 28. Rb4 Rd8 29. Rxb6 Kf7 30. Rd6 Rc8 31. h5 g5 32. hxg6+ hxg6 33.
Rd7+ Kf8 34. Kc2 Rc5 35. b4 cxb3+ 36. axb3 Ra5 37. Kb2 g5 38. g3 Ke8 39. Rd1 g4
40. b4 Ra7 41. c4 Rh7 42. b5 Rh2+ 43. Kb3 Rf2 44. Rd3 Rf3 45. Kc3 Rf1 46. c5
Rc1+ 47. Kb4 Rf1 48. c6 Rc1 49. Ka5 1-0

[Event "15. Obert Int. Sant Martí 2013 - B"]
[Site "Barcelona ESP"]
[Date "2013.07.19"]
[Round "7.27"]
[White "Torras Chicon, Adria"]
[Black "Liarte Genoves, Sergi"]
[Result "1-0"]
[WhiteElo "1753"]
[BlackElo "1880"]
[PlyCount "55"]
[EventDate "2013.07.13"]
[EventType "swiss"]
[EventRounds "9"]
[EventCountry "ESP"]
[SourceTitle "Ajedrez en Madrid"]
[Source "lmi"]
[SourceDate "2013.07.13"]
[SourceVersion "1"]
[SourceVersionDate "2019.06.21"]
[SourceQuality "1"]

1. d4 Nf6 2. Bg5 e6 3. e4 Be7 4. Nc3 O-O 5. Nf3 d6 6. Qd2 Nbd7 7. Bc4 a6 8. O-O
Nxe4 9. Nxe4 d5 10. Bd3 dxe4 11. Bxe4 f6 12. Bf4 g5 13. Bg3 f5 14. Bd3 f4 15.
Rae1 fxg3 16. fxg3 Nb6 17. Kh1 h6 18. Ne5 Rxf1+ 19. Rxf1 Bf6 20. Qd1 Bxe5 21.
Qh5 Bf6 22. Qg6+ Kf8 23. Rxf6+ Ke7 24. Rf7+ Kd6 25. Qe4 Nd7 26. c4 c6 27. c5+
Kc7 28. Qe5# 1-0

[Event "15. Obert Int. Sant Martí 2013 - B"]
[Site "Barcelona ESP"]
[Date "2013.07.19"]
[Round "7.28"]
[White "Bayarri Ponsa, Eduard"]
[Black "Petit Montes, Marc"]
[Result "1/2-1/2"]
[WhiteElo "1878"]
[BlackElo "1656"]
[PlyCount "81"]
[EventDate "2013.07.13"]
[EventType "swiss"]
[EventRounds "9"]
[EventCountry "ESP"]
[SourceTitle "Ajedrez en Madrid"]
[Source "lmi"]
[SourceDate "2013.07.13"]
[SourceVersion "1"]
[SourceVersionDate "2019.06.21"]
[SourceQuality "1"]

1. e4 c6 2. d4 d5 3. e5 Bf5 4. Nc3 Qb6 5. g4 Bd7 6. h3 e6 7. Nf3 c5 8. Bg2 Nc6
9. dxc5 Bxc5 10. O-O Nd4 11. Ne1 Qc7 12. Nd3 Bb6 13. a4 a6 14. Be3 Nc6 15. Bxb6
Qxb6 16. Qd2 Nge7 17. a5 Qc7 18. Na4 Nxe5 19. Nxe5 Qxe5 20. Nb6 Rd8 21. Rfe1
Qd6 22. Qg5 O-O 23. c4 Bc6 24. Rad1 h6 25. Qc1 Qc5 26. cxd5 Qxc1 27. Rxc1 Nxd5
28. Nxd5 Bxd5 29. Rc7 Bxg2 30. Kxg2 Rd5 31. Rxb7 Rxa5 32. Rc1 Rb5 33. Rxb5 axb5
34. Rc5 Rb8 35. b4 Rb7 36. Kf3 Kf8 37. Ke4 Ke7 38. h4 Kd6 39. f4 f6 40. h5 Ke7
41. Kd4 1/2-1/2

[Event "15. Obert Int. Sant Martí 2013 - B"]
[Site "Barcelona ESP"]
[Date "2013.07.19"]
[Round "7.29"]
[White "Ayats Llobera, Gerard"]
[Black "Minos Constante, Pablo"]
[Result "1/2-1/2"]
[WhiteElo "1708"]
[BlackElo "1850"]
[PlyCount "98"]
[EventDate "2013.07.13"]
[EventType "swiss"]
[EventRounds "9"]
[EventCountry "ESP"]
[SourceTitle "Ajedrez en Madrid"]
[Source "lmi"]
[SourceDate "2013.07.13"]
[SourceVersion "1"]
[SourceVersionDate "2019.06.21"]
[SourceQuality "1"]

1. e4 d5 2. exd5 Qxd5 3. Nc3 Qd6 4. d4 Nf6 5. Bc4 a6 6. Nf3 Nc6 7. h3 Bf5 8.
Be3 e6 9. Qe2 Be7 10. g4 Bg6 11. O-O-O Nb4 12. Bb3 Nbd5 13. Nxd5 Nxd5 14. Ne5
O-O-O 15. c4 Nxe3 16. c5 Qxe5 17. dxe5 Nxd1 18. f4 Bxc5 19. Rxd1 Rxd1+ 20. Bxd1
Rd8 21. Bc2 Bxc2 22. Kxc2 h6 23. f5 Bd4 24. Qe4 Rd7 25. fxe6 fxe6 26. Qh7 Re7
27. Qe4 Rd7 28. h4 c5 29. Qf4 Kc7 30. b3 Kc6 31. Qe4+ Kc7 32. a3 Kb6 33. b4
cxb4 34. axb4 a5 35. Qg6 Re7 36. bxa5+ Kxa5 37. Qd3 Rc7+ 38. Kb1 Bxe5 39. Qa3+
Kb5 40. Qb3+ Kc6 41. Qxe6+ Bd6 42. Kb2 Re7 43. Qc4+ Kd7 44. Qb5+ Kc7 45. Kc3
Be5+ 46. Kd3 Bd6 47. Kd4 Kb8 48. Qf5 Kc7 49. Qa5+ Kc8 1/2-1/2

[Event "15. Obert Int. Sant Martí 2013 - B"]
[Site "Barcelona ESP"]
[Date "2013.07.19"]
[Round "7.30"]
[White "Millan Hernandez, Marc"]
[Black "Llados Clos, Jaume"]
[Result "0-1"]
[WhiteElo "1806"]
[BlackElo "1568"]
[PlyCount "106"]
[EventDate "2013.07.13"]
[EventType "swiss"]
[EventRounds "9"]
[EventCountry "ESP"]
[SourceTitle "Ajedrez en Madrid"]
[Source "lmi"]
[SourceDate "2013.07.13"]
[SourceVersion "1"]
[SourceVersionDate "2019.06.21"]
[SourceQuality "1"]

1. e4 e5 2. Nf3 Nc6 3. Bc4 Bc5 4. c3 Qe7 5. O-O d6 6. d4 Bb6 7. Ng5 Nh6 8. Be3
O-O 9. h3 Kh8 10. Nf3 Ng8 11. Na3 Nf6 12. Bd3 exd4 13. cxd4 Nxe4 14. Nc4 d5 15.
Nxb6 axb6 16. a3 Nf6 17. Re1 Qd6 18. Rc1 Ne7 19. Bd2 Nc6 20. Bb1 Bd7 21. Qc2 h6
22. Qd3 Ne4 23. Be3 Bf5 24. Nh4 Bh7 25. Qe2 Rfe8 26. Qf1 Na5 27. Ba2 Nc6 28. g3
Nxg3 29. fxg3 Qxg3+ 30. Ng2 Be4 31. Bf2 Qxh3 32. Bb1 Bf3 33. Bd3 Bxg2 34. Qxg2
Qxd3 35. Qxd5 Qg6+ 36. Kh2 Qd6+ 37. Qxd6 cxd6 38. Kg2 d5 39. Rcd1 Kg8 40. Kf3
Kf8 41. Rg1 Re6 42. Rg4 Rf6+ 43. Kg2 Re8 44. Rd2 Ree6 45. Kh2 Rg6 46. Rh4 Ne7
47. Rh3 Re4 48. Rc3 Nc6 49. Rb3 Na5 50. Rb5 Rg5 51. Rc2 Kg8 52. Rxb6 Reg4 53.
Rd6 Rh5+ 0-1

[Event "15. Obert Int. Sant Martí 2013 - B"]
[Site "Barcelona ESP"]
[Date "2013.07.19"]
[Round "7.31"]
[White "Abascal Vicente, Ignacio"]
[Black "Escofet Llongueras, Joan"]
[Result "0-1"]
[WhiteElo "1715"]
[BlackElo "1793"]
[PlyCount "54"]
[EventDate "2013.07.13"]
[EventType "swiss"]
[EventRounds "9"]
[EventCountry "ESP"]
[SourceTitle "Ajedrez en Madrid"]
[Source "lmi"]
[SourceDate "2013.07.13"]
[SourceVersion "1"]
[SourceVersionDate "2019.06.21"]
[SourceQuality "1"]

1. e4 e6 2. d4 d5 3. Nc3 Nf6 4. Bg5 Be7 5. e5 Nfd7 6. Bxe7 Qxe7 7. f4 a6 8. Nf3
c5 9. Be2 Nc6 10. Qd2 cxd4 11. Nxd4 Qb4 12. Nb3 Nc5 13. Nxc5 Qxc5 14. Bd3 Nb4
15. a3 Nxd3+ 16. Qxd3 Bd7 17. O-O-O Rc8 18. Qd4 Ke7 19. Qxc5+ Rxc5 20. Rd4 Rhc8
21. Rhd1 Rc4 22. R1d2 Rxd4 23. Rxd4 f6 24. exf6+ gxf6 25. Kd2 Bc6 26. g3 Rd8
27. Ke3 e5 0-1

[Event "15. Obert Int. Sant Martí 2013 - B"]
[Site "Barcelona ESP"]
[Date "2013.07.19"]
[Round "7.32"]
[White "Riu Lopez, Daniel"]
[Black "Fuentes Barrientos, Carlos"]
[Result "1-0"]
[WhiteElo "1691"]
[BlackElo "1792"]
[PlyCount "63"]
[EventDate "2013.07.13"]
[EventType "swiss"]
[EventRounds "9"]
[EventCountry "ESP"]
[SourceTitle "Ajedrez en Madrid"]
[Source "lmi"]
[SourceDate "2013.07.13"]
[SourceVersion "1"]
[SourceVersionDate "2019.06.21"]
[SourceQuality "1"]

1. e4 d6 2. d4 Nf6 3. Nc3 g6 4. Nf3 Bg7 5. Bf4 Nh5 6. Be3 c6 7. Bc4 b5 8. Bb3
Nf6 9. e5 Ng4 10. Bf4 d5 11. Qd2 h5 12. Ne2 Na6 13. h3 Nh6 14. Ng3 Nc7 15. c3
Nf5 16. Bc2 Nxg3 17. fxg3 Bf5 18. Bxf5 gxf5 19. O-O Qd7 20. Nh4 e6 21. Bg5 a5
22. Rfe1 Na6 23. Re2 Qc7 24. Rae1 Kd7 25. Nxf5 Rag8 26. Nxg7 Rxg7 27. Bf6 Rhg8
28. Bxg7 Rxg7 29. Rf2 Ke8 30. Ref1 Qe7 31. Qh6 Qf8 32. Qxe6+ 1-0

[Event "15. Obert Int. Sant Martí 2013 - B"]
[Site "Barcelona ESP"]
[Date "2013.07.19"]
[Round "7.33"]
[White "Peiron Lluch, Jose Daniel"]
[Black "Poyato Duran, David"]
[Result "1-0"]
[WhiteElo "1798"]
[BlackElo "1656"]
[PlyCount "53"]
[EventDate "2013.07.13"]
[EventType "swiss"]
[EventRounds "9"]
[EventCountry "ESP"]
[SourceTitle "Ajedrez en Madrid"]
[Source "lmi"]
[SourceDate "2013.07.13"]
[SourceVersion "1"]
[SourceVersionDate "2019.06.21"]
[SourceQuality "1"]

1. d4 d5 2. e3 Nf6 3. Bd3 e6 4. f4 c5 5. c3 Nc6 6. Nf3 Bd6 7. O-O O-O 8. Nbd2
b6 9. Ne5 Bb7 10. Qf3 Rc8 11. Nxc6 Bxc6 12. g4 Ne4 13. Nxe4 dxe4 14. Bxe4 Bxe4
15. Qxe4 Qh4 16. Qg2 f6 17. Rf3 cxd4 18. Bd2 dxc3 19. Bxc3 Qh6 20. Rd1 Rfd8 21.
Rg3 g5 22. Qe4 Kf7 23. Rxd6 Rxd6 24. Qb7+ Kg6 25. Qxc8 Rd1+ 26. Kg2 gxf4 27.
Qg8+ 1-0

[Event "15. Obert Int. Sant Martí 2013 - B"]
[Site "Barcelona ESP"]
[Date "2013.07.19"]
[Round "7.34"]
[White "Jimenez Martinez, Javier"]
[Black "Muratet Carmona, Alexandra"]
[Result "1-0"]
[WhiteElo "1943"]
[BlackElo "1705"]
[PlyCount "57"]
[EventDate "2013.07.13"]
[EventType "swiss"]
[EventRounds "9"]
[EventCountry "ESP"]
[SourceTitle "Ajedrez en Madrid"]
[Source "lmi"]
[SourceDate "2013.07.13"]
[SourceVersion "1"]
[SourceVersionDate "2019.06.21"]
[SourceQuality "1"]

1. Nf3 e6 2. g3 d5 3. Bg2 Nf6 4. O-O Bd6 5. d3 O-O 6. Nbd2 Nc6 7. e4 dxe4 8.
dxe4 e5 9. c3 Bg4 10. Qb3 Qc8 11. Qc2 Bh3 12. Nc4 Bxg2 13. Kxg2 h6 14. Ne3 Ne7
15. Nh4 g6 16. Nc4 g5 17. Nf3 Ng6 18. Ne3 Ne7 19. h4 g4 20. Nh2 Bc5 21. f3 h5
22. fxg4 Nxg4 23. Nhxg4 hxg4 24. Nf5 Ng6 25. Qe2 Nxh4+ 26. gxh4 Kh7 27. Qxg4
Rg8 28. Bg5 Rg6 29. Qh5+ 1-0

[Event "15. Obert Int. Sant Martí 2013 - B"]
[Site "Barcelona ESP"]
[Date "2013.07.19"]
[Round "7.35"]
[White "Terrones Hernandez, Jonathan"]
[Black "Sirletti, Sonia"]
[Result "1/2-1/2"]
[WhiteElo "1711"]
[BlackElo "1888"]
[PlyCount "129"]
[EventDate "2013.07.13"]
[EventType "swiss"]
[EventRounds "9"]
[EventCountry "ESP"]
[SourceTitle "Ajedrez en Madrid"]
[Source "lmi"]
[SourceDate "2013.07.13"]
[SourceVersion "1"]
[SourceVersionDate "2019.06.21"]
[SourceQuality "1"]

1. d4 Nf6 2. Nf3 e6 3. e3 b6 4. Nbd2 Bb7 5. b3 c5 6. Bb2 Be7 7. Be2 O-O 8. O-O
Nc6 9. dxc5 bxc5 10. Nc4 Qc7 11. Nfe5 d6 12. Nxc6 Bxc6 13. Bf3 a5 14. a4 Rfd8
15. Bxc6 Qxc6 16. Qe2 Qb7 17. Rad1 d5 18. Na3 Ne4 19. f3 Nd6 20. Be5 Rac8 21.
Bxd6 Bxd6 22. Nb5 Qb8 23. f4 c4 24. Kh1 cxb3 25. cxb3 Rc6 26. Rc1 Rdc8 27. Rxc6
Rxc6 28. Nxd6 Qxd6 29. Qb5 Qc5 30. g3 h6 31. Kg2 Qxb5 32. axb5 Rb6 33. Ra1 Rxb5
34. Kf3 Kf8 35. h3 Ke7 36. Ra3 g6 37. Ke2 Kd6 38. Kd3 Kc5 39. Kc3 f6 40. Ra4
Kd6 41. e4 Rc5+ 42. Kd3 dxe4+ 43. Rxe4 e5 44. fxe5+ fxe5 45. Rg4 g5 46. h4 Rb5
47. Kc3 Ke6 48. hxg5 Kf5 49. Rc4 Kxg5 50. Re4 Rc5+ 51. Kd3 Kf5 52. Rh4 Kg5 53.
Kd2 h5 54. Kd3 Rc1 55. Ra4 Rc5 56. Kd2 Kf6 57. Rh4 Kg5 58. Ra4 Rb5 59. Kc3 Kf5
60. Rh4 Kg5 61. Re4 Rc5+ 62. Kd3 Kf5 63. Rh4 Kg5 64. Re4 Rb5 65. Kc3 1/2-1/2

[Event "15. Obert Int. Sant Martí 2013 - B"]
[Site "Barcelona ESP"]
[Date "2013.07.19"]
[Round "7.36"]
[White "Fuertes Buisac, Bernat"]
[Black "Vigier Lopez, Carlos"]
[Result "0-1"]
[WhiteElo "1686"]
[BlackElo "1830"]
[PlyCount "60"]
[EventDate "2013.07.13"]
[EventType "swiss"]
[EventRounds "9"]
[EventCountry "ESP"]
[SourceTitle "Ajedrez en Madrid"]
[Source "lmi"]
[SourceDate "2013.07.13"]
[SourceVersion "1"]
[SourceVersionDate "2019.06.21"]
[SourceQuality "1"]

1. d4 Nf6 2. c4 e6 3. Nf3 d5 4. cxd5 exd5 5. Nc3 Be7 6. Bg5 O-O 7. e3 Bg4 8.
Qb3 Nbd7 9. Bd3 Nb6 10. h3 Bh5 11. Ne5 Bg6 12. Nxg6 fxg6 13. O-O Kh8 14. a4 Ne4
15. Bxe7 Qxe7 16. Rae1 Nd2 17. Qc2 Nxf1 18. Rxf1 c6 19. a5 Nc8 20. a6 bxa6 21.
Bxa6 Nb6 22. Na4 Nxa4 23. Qxa4 c5 24. dxc5 Qxc5 25. Rd1 Rab8 26. b3 Qc2 27. Rf1
Rxb3 28. Qd4 Qc6 29. Qxa7 Ra8 30. Bb7 Qxb7 0-1

[Event "15. Obert Int. Sant Martí 2013 - B"]
[Site "Barcelona ESP"]
[Date "2013.07.19"]
[Round "7.37"]
[White "Serentill Tost, Eduard"]
[Black "Corominas Garrido, Antonio"]
[Result "1/2-1/2"]
[WhiteElo "1665"]
[BlackElo "1807"]
[PlyCount "83"]
[EventDate "2013.07.13"]
[EventType "swiss"]
[EventRounds "9"]
[EventCountry "ESP"]
[SourceTitle "Ajedrez en Madrid"]
[Source "lmi"]
[SourceDate "2013.07.13"]
[SourceVersion "1"]
[SourceVersionDate "2019.06.21"]
[SourceQuality "1"]

1. e4 c6 2. d4 d5 3. Nc3 dxe4 4. Nxe4 Bf5 5. Ng3 Bg6 6. Nf3 Nd7 7. h4 h6 8. h5
Bh7 9. Bd3 Bxd3 10. Qxd3 e6 11. Bd2 Ngf6 12. O-O-O Bd6 13. Ne4 Nxe4 14. Qxe4
Nf6 15. Qe2 Qc7 16. Ne5 O-O-O 17. c4 c5 18. Bf4 cxd4 19. Rxd4 Bxe5 20. Bxe5 Qa5
21. Rxd8+ Rxd8 22. Bxf6 gxf6 23. Rd1 Qg5+ 24. Qe3 Rxd1+ 25. Kxd1 Qxh5+ 26. Kc2
b6 27. b4 Qg6+ 28. Kc3 Qg5 29. Qf3 Qe5+ 30. Kb3 Kd7 31. Qb7+ Qc7 32. Qf3 Ke7
33. Qe3 h5 34. Qf3 Qd7 35. a4 e5 36. a5 f5 37. axb6 axb6 38. Qxh5 Ke6 39. Qh6+
f6 40. Qe3 Qd1+ 41. Kc3 Qd8 42. c5 1/2-1/2

[Event "15. Obert Int. Sant Martí 2013 - B"]
[Site "Barcelona ESP"]
[Date "2013.07.19"]
[Round "7.40"]
[White "Roche Peris, Eduard"]
[Black "Santamaria Torres, Sergio"]
[Result "1-0"]
[WhiteElo "1792"]
[BlackElo "1620"]
[PlyCount "59"]
[EventDate "2013.07.13"]
[EventType "swiss"]
[EventRounds "9"]
[EventCountry "ESP"]
[SourceTitle "Ajedrez en Madrid"]
[Source "lmi"]
[SourceDate "2013.07.13"]
[SourceVersion "1"]
[SourceVersionDate "2019.06.21"]
[SourceQuality "1"]

1. e4 c5 2. Nf3 d6 3. d4 cxd4 4. c3 Nc6 5. Bc4 Nf6 6. Qe2 Qc7 7. O-O Bg4 8. Bf4
Ne5 9. Bb5+ Nfd7 10. cxd4 Nxf3+ 11. gxf3 Bh3 12. Rc1 Qb6 13. Nc3 e6 14. Bxd7+
Kxd7 15. Nb5 a6 16. Na3 g5 17. Nc4 Qd8 18. Bd2 Ke8 19. Ba5 Qf6 20. e5 dxe5 21.
Nxe5 Bd6 22. Bc7 Bxc7 23. Rxc7 Rd8 24. Rac1 Rxd4 25. Rxf7 Qd8 26. Nc6 bxc6 27.
Ra7 Rd2 28. Qe1 Rf8 29. Rxh7 g4 30. Qxe6+ 1-0